banner-ar

الوثنية والاسلام تاريخ الامبراطوريات الونجية فى غربى افريقية / (Record no. 45535)

MARC details
000 -الفاتح
حقل البيانات ثابتة الطول 00662nam a2200193Ia 4500
008 - عناصر البيانات ثابتة الطول - معلومات عامة
حقل البيانات ثابتة الطول 140319s9999 xx 000 0 ara d
040 ## - مصدر الفهرسة
وكالة الفهرسة الأصلية GCL /
وكالة النسخ GCL
082 04 - رقم تصنيف ديوى العشرى
رقم التصنيف 953
رقم المادة ب و
100 1# - المدخل الرئيسى - إسم شخصى
الإسم الشخصى احمد فؤاد بلبع
245 10 - بيان العنوان
العنوان الوثنية والاسلام تاريخ الامبراطوريات الونجية فى غربى افريقية /
بيان المسئوليه,etc احمد فؤاد بلبع
700 1# - المدخل الاضافى - اسم شخصى
الإسم الشخصى بانيكار، ك . م
300 ## - الوصف المادى
التعداد 479 ح
490 ## - بيان السلسلة
عنوان السلسلة المجلس الاعلى للثقافة
رقم المجلد/ التعيين التسلسلي 0
650 04 - المدخل الاضافى بالموضوع-مصطلح موضوعى
مصطلح موضوعي الاسلام
650 04 - المدخل الاضافى بالموضوع-مصطلح موضوعى
مصطلح موضوعي الفتوحات الاسلامية
650 04 - المدخل الاضافى بالموضوع-مصطلح موضوعى
مصطلح موضوعي التاريخ الاسلامى
942 ## - عناصر المدخل الإضافي( كوها)
مصدر التصنيف او مخطط الترفيف Dewey Decimal Classification
Koha [default] item type كتاب
Holdings
حالة التراجع حالة الفقد حالة تلف ليس للاعارة المكان المؤقت الموقع الحالى تاريخ الاكتساب اجمالي اﻻعارات رقم الطلب الباركود تاريخ اخر مشاهدة تاريخ تفعيل السعر نوع وعاء كوها
        مكتبة القاهرة الكبرى مكتبة القاهرة الكبرى 03/26/2014   953\ب و 111126 03/26/2014 03/26/2014 كتاب

Powered By

EGPV